| 000 | 00000nam 2200000zi 4500 |
| 001 | 9.904569 |
| 003 | CaOODSP |
| 005 | 20221107180603 |
| 006 | m o d f |
| 007 | cr ||||||||||| |
| 008 | 211102e202205##onca o f000 0 eng d |
| 020 | |a9780660407845 |
| 040 | |aCaOODSP|beng|erda|cCaOODSP |
| 043 | |an-cn--- |
| 086 | 1 |aCC394-3/2022E-PDF |
| 245 | 00|aProtecting your deposits. |
| 264 | 1|a[Ottawa] : |bCanada Deposit Insurance Corporation, |cMay 2022. |
| 300 | |a1 online resource (1 unnumbered page) : |billustrations |
| 336 | |atext|btxt|2rdacontent |
| 337 | |acomputer|bc|2rdamedia |
| 338 | |aonline resource|bcr|2rdacarrier |
| 500 | |aIssued also in French under title: Protection de vos dépôts. |
| 650 | 0|aDeposit insurance|zCanada. |
| 710 | 2 |aCanada Deposit Insurance Corporation, |eissuing body. |
| 775 | 08|tProtection de vos dépôts.|w(CaOODSP)9.904570 |
| 776 | 0#|tProtecting your deposits.|w(CaOODSP)9.904571 |
| 794 | |tProtecting your deposits.|w(CaOODSP)9.915869 |
| 795 | |tProtecting your deposits.|w(CaOODSP)9.882444 |
| 856 | 40|qPDF|s71 KB|uhttps://publications.gc.ca/collections/collection_2022/sadc-cdic/CC394-3-2022-eng.pdf |